000
00345pam a2200157a 44500
008
230515b1995 xxu||||| |||| 00| 0 eng d
020
_a
NULL
041
_a
ENGLISH
082
_a
NULL
100
_a
MINISTER / JOSEPH A
245
_a
ELECTRONIC CIRCUITS
250
_a
2
260
_a
NULL
_b
T.M.H
_c
1995
300
_a
298 PB
650
_a
NULL
999
_c
658565
_d
658565